| 000 | 00478nam a22001937a 4500 | ||
|---|---|---|---|
| 003 | OSt | ||
| 005 | 20240110125219.0 | ||
| 008 | 150528b xxu||||| |||| 00| 0 eng d | ||
| 020 | _a0340780355 | ||
| 040 | _c04 | ||
| 082 | _a170 THO 2000 | ||
| 100 |
_aThompson, Mel _95089 |
||
| 245 | _aTeach Yourself Ethics | ||
| 260 |
_aLondon: _bHodder ; _c2000. |
||
| 300 |
_avii, 213 p : _c22 cm |
||
| 504 | _aIncludes references and index. | ||
| 650 |
_aEthics _91778 |
||
| 942 |
_2z _cSLOAN |
||
| 999 |
_c1930 _d1930 |
||